Vista normal
Vista MARC
Entrada Término temático
Número de registros utilizados en: 1
001 - NÚMERO DE CONTROL
- campo de control: 79005
003 - IDENTIFICADOR DEL NÚMERO DE CONTROL
- campo de control: DO-SdBNP
005 - FECHA Y HORA DE LA ÚLTIMA TRANSACCIÓN
- campo de control: 20210625104213.0
008 - DATOS DE LONGITUD FIJA
- campo de control de longitud fija: 210625|| aca||aabn | a|a d
040 ## - FUENTE DE LA CATALOGACIÓN
- Centro catalogador/agencia de origen: DO-SdBNP
- Centro/agencia transcriptor: DO-SdBNP
150 ## - ENCABEZAMIENTO--TÉRMINO DE MATERIA
- Término de materia o nombre geográfico como elemento de entrada: Música
- Subdivisión geográfica: América Latina
- Subdivisión general: Aspectos tecnológicos
670 ## - FUENTE DE DATOS ENCONTRADOS
- Cita de la fuente: Work cat.: (DO-SdBNP): Congreso de la Rama Latinoamericana de la Asociación Internacional para el Estudio de la Música Popular 13. : 2018 : San Juan, Puerto Rico) 79002, Del archivo a la playlist : historias, nostalgias, tecnologías , actas = , 2021
